000 00652nam a2200205 a 4500
001 000011070
005 20240412074222.0
008 091014s2002 dr r 000 0 spa d
040 _aDO-SdBNP
_bspa
_cBNPHU
082 _aRD861.44
_bR569e, 2002
100 1 _aRiggio Pou, Güido,
_d1949-
_926573
245 1 4 _aLos espejos del tiempo /
_cGüido Riggio Pou.
250 _a2a ed.
260 _aSantiago de los Caballeros, República Dominicana :
_bKrystal,
_c2002.
300 _a[34 p.].
590 _aInventariado, 2018/BT
650 0 _aPoesía dominicana
_966
650 0 _aLiteratura dominicana.
_967
910 _aValidado. Control de calidad. MMOLINA
999 _c10795
_d10795